[Event "IECC TH-T email"]
[Site "IECC email"]
[Date "2001.09.10"]
[Round "?"]
[White "Sala, Stefano"]
[Black "Nyack, Warren"]
[Result "1-0"]
[WhiteElo "1320"]
[BlackElo "1236"]
[PlyCount "20"]
[EventDate "2001.??.??"]
[EventType "match (corr)"]
[EventRounds "2"]
[SourceTitle "Corr 2008"]
[Source "ChessBase"]
[SourceDate "2008.06.24"]
[SourceVersion "1"]
[SourceVersionDate "2008.06.24"]
[SourceQuality "1"]

1. e4 c5 2. Nf3 d6 3. d4 cxd4 4. Nxd4 Nf6 5. Nc3 g6 6. Bg5 Bg7 7. Qd2 0-0 8. 0-0-0 Be6 9. Nxe6 fxe6 10. e5 Nfd7 1-0

[Event "IECG CN.2001.0.00251"]
[Site "IECG email"]
[Date "2001.06.14"]
[Round "?"]
[White "Doerdelmann, Thomas"]
[Black "Nyack, Warren"]
[Result "1-0"]
[WhiteElo "800"]
[BlackElo "800"]
[PlyCount "23"]
[EventDate "2001.06.14"]
[EventType "tourn (corr)"]
[EventRounds "6"]
[SourceTitle "Corr 2008"]
[Source "ChessBase"]
[SourceDate "2008.06.24"]
[SourceVersion "1"]
[SourceVersionDate "2008.06.24"]
[SourceQuality "1"]

1. d4 d5 2. e3 Nc6 3. c3 e6 4. Bd3 Nf6 5. Nd2 Bd6 6. f4 Bd7 7. Ngf3 0-0 8. Ne5 Ne8 9. Qh5 g6 10. Qh6 f6 11. Nxg6 Ng7 12. Nxf8 1-0

[Event "IECG CN.2001.0.00251"]
[Site "IECG email"]
[Date "2001.06.14"]
[Round "?"]
[White "Nyack, Warren"]
[Black "Pauls, Lawrence"]
[Result "0-1"]
[WhiteElo "800"]
[BlackElo "816"]
[PlyCount "46"]
[EventDate "2001.06.14"]
[EventType "tourn (corr)"]
[EventRounds "6"]
[SourceTitle "Corr 2008"]
[Source "ChessBase"]
[SourceDate "2008.06.24"]
[SourceVersion "1"]
[SourceVersionDate "2008.06.24"]
[SourceQuality "1"]

1. e4 e5 2. Nf3 Nc6 3. Bc4 Nf6 4. d3 Be7 5. 0-0 0-0 6. Nc3 d5 7. exd5 Nb4 8. Re1 Nbxd5 9. Nxd5 Nxd5 10. Rxe5 Nb6 11. Bg5 Bxg5 12. Nxg5 Nxc4 13. dxc4 Qxd1+ 14. Rxd1 f6 15. Rc5 fxg5 16. Rxc7 Bf5 17. Re1 Rfe8 18. Rxe8+ Rxe8 19. f3 Bxc2 20. Rxb7 a5 21. b4 axb4 22. Rxb4 Rc8 23. a4 Bd3 0-1

[Event "IECG CN.2001.0.00251"]
[Site "IECG email"]
[Date "2001.06.14"]
[Round "?"]
[White "Soule, Larry P"]
[Black "Nyack, Warren"]
[Result "1-0"]
[WhiteElo "806"]
[BlackElo "800"]
[PlyCount "41"]
[EventDate "2001.06.14"]
[EventType "tourn (corr)"]
[EventRounds "6"]
[SourceTitle "Corr 2008"]
[Source "ChessBase"]
[SourceDate "2008.06.24"]
[SourceVersion "1"]
[SourceVersionDate "2008.06.24"]
[SourceQuality "1"]

1. Nf3 d5 2. g3 Nf6 3. Bg2 c6 4. 0-0 Bg4 5. d3 e6 6. Ne5 Bd6 7. Nxg4 Nxg4 8. e4 Nf6 9. Nc3 0-0 10. d4 Nbd7 11. e5 Nxe5 12. dxe5 Bxe5 13. Qf3 Bd6 14. Bg5 Be7 15. Rfe1 Ne4 16. Bxe7 Qxe7 17. Nxe4 dxe4 18. Rxe4 Rad8 19. Rd1 f5 20. Rxd8 Rxd8 21. Qxf5 1-0

[Event "IECC M email"]
[Site "IECC email"]
[Date "2000.12.14"]
[Round "?"]
[White "Nyack, Warren"]
[Black "Mottershead, Richard"]
[Result "0-1"]
[WhiteElo "1300"]
[BlackElo "1134"]
[PlyCount "46"]
[EventDate "2000.??.??"]
[EventType "tourn (corr)"]
[EventRounds "2"]
[SourceTitle "Corr 2008"]
[Source "ChessBase"]
[SourceDate "2008.06.24"]
[SourceVersion "1"]
[SourceVersionDate "2008.06.24"]
[SourceQuality "1"]

1. d4 g6 2. c4 Bg7 3. Nc3 Nf6 4. e4 d6 5. Bd3 0-0 6. Nf3 c5 7. 0-0 Bg4 8. d5 a6 9. h3 Bxf3 10. Qxf3 Nbd7 11. Qe2 Ne5 12. Bc2 Rb8 13. Kh2 e6 14. f4 Ned7 15. Bd2 e5 16. f5 Qe7 17. g4 b6 18. fxg6 fxg6 19. Rf3 Rf7 20. Raf1 Rbf8 21. R1f2 Nxg4+ 22. hxg4 Qh4+ 23. Kg1 Qxg4+ 0-1